Score 0/24 Timer 04:00
2 Plays Today
Question Answer Wrong Answers
Charlie Two and a Half Men
87%
Modern Family
2.1%
The Goldbergs
2.9%
Arrested Development
2.2%
Phil Modern Family
85.5%
The Goldbergs
3.9%
Two and a Half Men
1.7%
Arrested Development
2.9%
Manny Modern Family
84.3%
The Goldbergs
4.5%
Two and a Half Men
2.3%
Arrested Development
2.7%
Claire Modern Family
83.9%
The Goldbergs
4.2%
Two and a Half Men
2.4%
Arrested Development
3.2%
Gloria Modern Family
83.4%
The Goldbergs
5.2%
Two and a Half Men
2.3%
Arrested Development
3%
Jay Modern Family
82%
The Goldbergs
5.3%
Two and a Half Men
2.9%
Arrested Development
3.4%
Mitchell Modern Family
81.1%
The Goldbergs
5.9%
Two and a Half Men
2.5%
Arrested Development
4%
Tobias Arrested Development
78.6%
Modern Family
3.7%
The Goldbergs
7.9%
Two and a Half Men
2.9%
George-Michael Arrested Development
77.6%
Modern Family
4.4%
The Goldbergs
8.2%
Two and a Half Men
3%
Alan Two and a Half Men
77.3%
Modern Family
4.1%
The Goldbergs
8.6%
Arrested Development
3.8%
Jake Two and a Half Men
76.3%
Modern Family
7.2%
The Goldbergs
7.2%
Arrested Development
3.1%
Gob Arrested Development
74.2%
Modern Family
2.8%
The Goldbergs
13.5%
Two and a Half Men
2.6%
Buster Arrested Development
73.4%
Modern Family
3.9%
The Goldbergs
11.9%
Two and a Half Men
3.8%
Maeby Arrested Development
72.3%
Modern Family
4%
The Goldbergs
13%
Two and a Half Men
3.6%
Murray The Goldbergs
69.7%
Modern Family
5.2%
Two and a Half Men
6.5%
Arrested Development
11.4%
Adam The Goldbergs
69.6%
Modern Family
6.2%
Two and a Half Men
8.5%
Arrested Development
8.7%
Lucille Arrested Development
69.3%
Modern Family
4.6%
The Goldbergs
13.7%
Two and a Half Men
5.4%
Barry The Goldbergs
68.7%
Modern Family
4.3%
Two and a Half Men
5.7%
Arrested Development
14.3%
Pops The Goldbergs
68.2%
Modern Family
5.8%
Two and a Half Men
5.2%
Arrested Development
14%
Beverly The Goldbergs
65%
Modern Family
5.4%
Two and a Half Men
11.8%
Arrested Development
10.8%
Erica The Goldbergs
64.6%
Modern Family
7.2%
Two and a Half Men
9.6%
Arrested Development
11.4%
Judith Two and a Half Men
51.6%
Modern Family
5.8%
The Goldbergs
20.7%
Arrested Development
15.3%
Evelyn Two and a Half Men
39.8%
Modern Family
5.7%
The Goldbergs
27.5%
Arrested Development
20.3%
Jenny Two and a Half Men
28.3%
Modern Family
8%
The Goldbergs
37.3%
Arrested Development
19.3%
Remove Ads.
Support Sporcle.
Get the best of Sporcle when you Go Orange. This ad-free experience offers more features, more stats, and more fun while also helping to support Sporcle. Thank you for becoming a member.

You're not logged in!

Compare scores with friends on all Sporcle quizzes.
OR
Log In

Show Comments

Extras

Top Quizzes Today


Score Distribution

Your Account Isn't Verified!

In order to create a playlist on Sporcle, you need to verify the email address you used during registration. Go to your Sporcle Settings to finish the process.

Report this User

Report this user for behavior that violates our Community Guidelines.

Details: